<Les> nouvelles théories du marché du travail
Salvato in:
| Autore principale: | |
|---|---|
| Natura: | Libro |
| Lingua: | francese |
| Pubblicazione: |
Paris
<La> Découverte
1992
|
| Serie: | Reperes
107 |
| Soggetti: | |
| Tags: |
Nessun Tag, puoi essere il primo ad aggiungerne!!
|
MARC
| LEADER | 00000nam$a2200000$$$4500 | ||
|---|---|---|---|
| 001 | 0116040 | ||
| 005 | 20240111124611.9 | ||
| 020 | |a 2-7071-2110-X | ||
| 041 | 0 | |a fre | |
| 044 | |a FR | ||
| 245 | 1 | 0 | |a <Les> nouvelles théories du marché du travail |c Anne Perrot |
| 264 | 1 | |a Paris |b <La> Découverte |c 1992 | |
| 300 | |a 123 s. | ||
| 490 | 1 | |a Reperes |v 107 | |
| 830 | 0 | |a Reperes |v 107 | |
| 610 | 2 | 0 | |a teória práce |
| 610 | 2 | 0 | |a práca |
| 610 | 2 | 0 | |a zamestnanie |
| 100 | 1 | |a Perrot, Anne | |